Štúdium spracovateľských vlastností polyvinylalkoholových zmesí

Saved in:
Bibliographic Details
Main Author: Šimková, Barbora
Format: Book
Language:Slovak
Published: Bratislava STU FCHPT v Bratislave 2005
Online Access:View in OPAC
Tags: Add Tag
No Tags, Be the first to tag this record!

MARC

LEADER 00000nam a2200000 a 4500
005 20260127134248.0
008 060215 2005 xo 000 0 slo d
035 |a vtls008622977 
039 9 |a 200602151243  |b mschk03  |y 200602151216  |z mschk03 
040 |a STUSCHK1  |b slo  |c STUSCHK1  |e AACR2 
100 1 |a Šimková, Barbora 
245 1 |a Štúdium spracovateľských vlastností polyvinylalkoholových zmesí 
260 |a Bratislava  |b STU FCHPT v Bratislave  |c 2005 
300 |a 109 s.+ príloha 
500 |a Katedra plastov a kaučuku 
500 |a Obháj.: 29.9.2005 na STU FCHPT v Bratislave 
910 |a SCHK95 
999 |c 8171  |d 8171